000 01378nam0a2200373 4500
001 RU\NLR\bibl\1666537
005 20250616042936.0
010 _a978-5-9533-4376-3
_93000
035 _a(nilc)LIBNET\0000028673
035 _a(NLR Aleph) 001657810
090 _a962432
_c962432
100 _a20100506d2009 |||y0rusy50 ca
101 0 _arus
102 _aRU
105 _aa |||||||||
200 1 _aТяжелый истребитель танков Jagdtiger
_e"дитя" Нибелунгов
_fИлья Мощанский
210 _aМосква
_cВече
_d2009
215 _a79 с., VIII л. ил., цв. ил.
_cил.
_d27
225 1 _aЭнциклопедия вооружений
225 1 _aИз истории бронетехники
300 _aЗагл. корешка: Jagdtiger
320 _aБиблиогр.: с. 69 (12 назв.)
516 0 _aJagdtiger
606 0 _a"Ягдтигр", противотанковые самоходные установки
_92322248
_3RU\NLR\auth\661389234
686 _a68.513.1
_vLBC/RL
_2rubbk
686 _aЦ531.12
700 1 _aМощанский
_bИ. Б.
_gИлья Борисович
_4070
801 0 _aRU
_bНБР Коми
_c20100506
_grcr
801 1 _aRU
_bНБР Коми
_c20100506
801 2 _aRU
_bNLR
_c20100603
_grcr
830 _aАвт. по кн.
942 _cBOOK
980 _aNB